|
|
|
|
| LEADER |
00000nam a2200000 a 4500 |
| 001 |
UCT5581 |
| 003 |
CL-VaPUC |
| 008 |
961216e19480000SP |||||||||||||||||spa|d |
| 082 |
0 |
4 |
|a H864
|b FER
|2 21
|
| 100 |
|
|
|a Fernández Almagro, Melchor
|e author
|9 446424
|
| 245 |
1 |
0 |
|a En torno al 98: política y literatura
|
| 300 |
|
|
|a 237 p
|
| 942 |
|
|
|c BK
|
| 945 |
|
|
|d 19961216 00:00:00
|a nastorga
|
| 260 |
|
|
|a Madrid
|b Jordan
|c 1948
|
| 600 |
0 |
7 |
|a UNAMUNO, MIGUEL DE
|2 CL-VaPUC
|9 312478
|
| 600 |
0 |
7 |
|a DARIO, RUBEN
|2 CL-VaPUC
|9 268402
|
| 600 |
|
0 |
|a Azorín,
|d 1873-1967
|q Martínez Ruiz, José
|9 353525
|
| 600 |
|
0 |
|a Machado Ruiz, Manuel,
|d 1874-1947
|9 317143
|
| 650 |
|
7 |
|a ENSAYOS HISPANOAMERICANOS
|2 CL-VaPUC
|9 269402
|
| 650 |
|
7 |
|a POLITICA Y LITERATURA
|2 CL-VaPUC
|9 318936
|
| 583 |
|
|
|a last modification
|c 19961216 00:00:00
|k Rodrigo Vera
|
| 999 |
|
|
|c 254484
|d 254482
|
| 952 |
|
|
|0 0
|1 0
|4 0
|6 H_864_000000000000000_FER_1948
|7 0
|8 A
|9 276182
|a BIBEDU
|b BIBEDU
|d 2019-11-19
|i 3259315
|o H864 FER 1948
|p 3259315
|r 2019-11-19
|w 2019-11-19
|y BK
|k LIT
|